<?xml version="1.0" encoding="UTF-8"?>
<record
    xmlns:xsi="http://www.w3.org/2001/XMLSchema-instance"
    xsi:schemaLocation="http://www.loc.gov/MARC21/slim http://www.loc.gov/standards/marcxml/schema/MARC21slim.xsd"
    xmlns="http://www.loc.gov/MARC21/slim">

  <leader>02788nam a2200349   4500</leader>
  <controlfield tag="003">PE-LiUPU</controlfield>
  <controlfield tag="005">20250731183447.0</controlfield>
  <controlfield tag="008">070712s2006    sp |          ||| ||spa  </controlfield>
  <datafield tag="020" ind1=" " ind2=" ">
    <subfield code="a">9788496429574</subfield>
  </datafield>
  <datafield tag="040" ind1=" " ind2=" ">
    <subfield code="a">SpMaBN</subfield>
    <subfield code="b">spa</subfield>
    <subfield code="c">PE-LiUPU</subfield>
    <subfield code="e">rdc</subfield>
    <subfield code="d">PE-LiUPU</subfield>
  </datafield>
  <datafield tag="080" ind1=" " ind2=" ">
    <subfield code="a">72.036(084)</subfield>
  </datafield>
  <datafield tag="082" ind1=" " ind2=" ">
    <subfield code="2">23</subfield>
    <subfield code="a">720.22</subfield>
    <subfield code="b">S237p</subfield>
  </datafield>
  <datafield tag="100" ind1="1" ind2=" ">
    <subfield code="a">Santos Quartino, Daniela</subfield>
    <subfield code="0">XX4607485</subfield>
  </datafield>
  <datafield tag="245" ind1="1" ind2="0">
    <subfield code="a">Paisajismo urbano /</subfield>
    <subfield code="c">[textos, Daniela Santos Quartino]</subfield>
  </datafield>
  <datafield tag="264" ind1=" " ind2=" ">
    <subfield code="a">Sant Adri&#xE0; de Bes&#xF2;s (Barcelona) :</subfield>
    <subfield code="b">Instituto Monsa de Ediciones,</subfield>
    <subfield code="c">[2006].</subfield>
  </datafield>
  <datafield tag="300" ind1=" " ind2=" ">
    <subfield code="a">239 p&#xE1;ginas :</subfield>
    <subfield code="b">principalmente ilustraciones a color, planos ;</subfield>
    <subfield code="c">31 cent&#xED;metros.</subfield>
  </datafield>
  <datafield tag="490" ind1="1" ind2=" ">
    <subfield code="a">(A &amp; D)</subfield>
  </datafield>
  <datafield tag="505" ind1=" " ind2=" ">
    <subfield code="a">EDAW MARGENES DIL RIO HAI -- PROAP PARQUE LINEAL DE OUR&#xC9;M -- VLADIMIR DJUROVIC LANDSCAPE ARCHITETURE JARD&#xCD;N SQUARE FOUR -- TOPOTEK 1 PLAZA LENNE -- DE AMICIS ARCHITETTI PLAZA INCONTRO TRA I POPOLI -- THE PAUL HOGARTH COMPANY PLAZA CUSTOM HOUSE -- MICHELE &amp; MIQUEL PLAZA EN ARLES-SUR-TECH -- McGREGOR &amp; PARTNERS AIRIA -- LANDSKAP DESIGN Y ARKITEKTGRUPPEN CUBUS V&#xC4;GSALLMENNINGEN -- LAB ARCHITECTURE STUDIO FEDERATION SQUARE -- EDAW Y PATEL-TAYLOR ARCHITECTS PLAZA ROYAL VICTORIA --  ARQUITECTURAS TORRES NADAL APARCAMIENIO EN MURCIA -- AUB&#xD6;CK + KAR&#xC1;SZ PLAZA EN HALL -- KUHN TRUNINGER PARQUE LOUIS H&#xC4;FLIGER -- McGREGOR &amp; PARTNERS AMOEBA 2 --  LANDSKAP DESIGN FESTPLASSEN -- EDAW JARDINES PICCADLLY -- WEST 8 ONE-NORTH PARK --  HEMG&#xC4;RD LANDSCAPE DESIGN ITAMERENKATU S -- ILEX PAYSAGE &amp; URBANISME JARD&#xCD;N DE CLOS CARRET -- STUDIO LAZZARETTO PLAZA VITTORIO VENETO -- JOS VAN DE LINDELOOF PARQUE TOLHEK -- BB+GG ARQUITECTES ZONA DE BA&#xD1;OS DEL F&#xD3;RUM 2004 -- LOHRER HOCHREIN JARDIN MUNICIPAL DE WEINGARTEN -- JOS VAN DE LINDELOOF CEMENTERIO MEERTERPEN -- ACCONCI STUDIO CENTRO PARA LAS ARTES ESC&#xC9;NICAS -- RUSH\WRIGHT ASSOCIATES GRAND PLAZA -- HUTTERREIMANN &amp; CEJKA FERIA DE JARDINER0A -- SAMI RINTALA MIGRATION -- AGENCE APS PLAZA ARISTIDE BRIAND -- MICHELE &amp; MQUEL REHABILITACI&#xD3;N DE LA RUE PAMS -- ISTHMUS GROUP PLAZA MANUKAU -- HEMG&#xC5;RD LANDSCAPE DESIGN AEROPUERTO DE HELSINKI-VANTAA -- GRUPO DE DISE&#xD1;O URBANO PARQUE UNION POINT</subfield>
  </datafield>
  <datafield tag="526" ind1=" " ind2=" ">
    <subfield code="a">P158</subfield>
  </datafield>
  <datafield tag="526" ind1=" " ind2=" ">
    <subfield code="a">P146</subfield>
  </datafield>
  <datafield tag="526" ind1=" " ind2=" ">
    <subfield code="a">P17</subfield>
  </datafield>
  <datafield tag="526" ind1=" " ind2=" ">
    <subfield code="a">P12</subfield>
  </datafield>
  <datafield tag="526" ind1=" " ind2=" ">
    <subfield code="a">P06</subfield>
  </datafield>
  <datafield tag="650" ind1="1" ind2="7">
    <subfield code="a">Arquitectura</subfield>
    <subfield code="y">Siglo XX</subfield>
    <subfield code="v">Obras ilustradas.</subfield>
    <subfield code="2">embne</subfield>
  </datafield>
  <datafield tag="830" ind1=" " ind2="0">
    <subfield code="a">Architectural design</subfield>
  </datafield>
  <datafield tag="942" ind1=" " ind2=" ">
    <subfield code="2">ddc</subfield>
    <subfield code="c">BK</subfield>
  </datafield>
  <datafield tag="956" ind1=" " ind2=" ">
    <subfield code="a">2</subfield>
  </datafield>
  <datafield tag="980" ind1=" " ind2=" ">
    <subfield code="a">B 49149-2006</subfield>
    <subfield code="a">84-96429-57-1</subfield>
    <subfield code="a">SpMaBN</subfield>
    <subfield code="b">BNALCALA</subfield>
    <subfield code="j">12/455912</subfield>
    <subfield code="c">SG_PETANTI</subfield>
    <subfield code="8">1</subfield>
    <subfield code="g">ALBERTO SANCHEZ Responsable de Automatizaci&#xF3;n</subfield>
  </datafield>
  <datafield tag="980" ind1=" " ind2=" ">
    <subfield code="a">B 49149-2006</subfield>
    <subfield code="a">84-96429-57-1</subfield>
    <subfield code="a">SpMaBN</subfield>
    <subfield code="b">BNALCALA</subfield>
    <subfield code="j">AHMO/294585</subfield>
    <subfield code="c">SG_PETANTI</subfield>
  </datafield>
  <datafield tag="980" ind1=" " ind2=" ">
    <subfield code="a">B 49149-2006</subfield>
    <subfield code="a">84-96429-57-1</subfield>
    <subfield code="a">SpMaBN</subfield>
    <subfield code="b">BNALCALA</subfield>
    <subfield code="j">DL/1594654</subfield>
    <subfield code="c">CONSERVACI</subfield>
  </datafield>
  <datafield tag="999" ind1=" " ind2=" ">
    <subfield code="c">62135</subfield>
    <subfield code="d">62134</subfield>
  </datafield>
  <datafield tag="952" ind1=" " ind2=" ">
    <subfield code="r">2025-12-03 00:00:00</subfield>
    <subfield code="l">1</subfield>
    <subfield code="o">720.22 S237p</subfield>
    <subfield code="p">81751</subfield>
    <subfield code="s">2024-04-28</subfield>
    <subfield code="t">e1</subfield>
    <subfield code="v">78.53</subfield>
    <subfield code="w">2023-12-14</subfield>
    <subfield code="x">FIA</subfield>
    <subfield code="y">BK</subfield>
    <subfield code="1">0</subfield>
    <subfield code="2">ddc</subfield>
    <subfield code="5">0</subfield>
    <subfield code="7">0</subfield>
    <subfield code="8">GEN</subfield>
    <subfield code="f">P06</subfield>
    <subfield code="a">BUL</subfield>
    <subfield code="b">BUL</subfield>
    <subfield code="c">GEN</subfield>
    <subfield code="d">2023-11-23</subfield>
    <subfield code="e">Compra. DAVAU SAC</subfield>
    <subfield code="g">73.53</subfield>
  </datafield>
</record>
